From liberation to liberalisation: (Record no. 222594)
[ view plain ]
| 000 -LEADER | |
|---|---|
| fixed length control field | 00779nam a22002297a 4500 |
| 005 - DATE AND TIME OF LATEST TRANSACTION | |
| control field | 20220425101756.0 |
| 008 - FIXED-LENGTH DATA ELEMENTS--GENERAL INFORMATION | |
| fixed length control field | 220425b ||||| |||| 00| 0 eng d |
| 040 ## - CATALOGING SOURCE | |
| Transcribing agency | Aloy |
| 041 ## - LANGUAGE CODE | |
| Language code of text/sound track or separate title | eng |
| 082 ## - DEWEY DECIMAL CLASSIFICATION NUMBER | |
| Edition number | 23 |
| Classification number | 951.5 |
| Item number | INFF |
| 100 ## - MAIN ENTRY--PERSONAL NAME | |
| Personal name | Information Office of His Holiness the Dalai Lama |
| 100 ## - MAIN ENTRY--PERSONAL NAME | |
| 9 (RLIN) | 31448 |
| 245 ## - TITLE STATEMENT | |
| Title | From liberation to liberalisation: |
| Remainder of title | Views on liberated Tibet |
| 260 ## - PUBLICATION, DISTRIBUTION, ETC. | |
| Place of publication, distribution, etc. | Dharmasala |
| Name of publisher, distributor, etc. | The Information Office of his Holiness the Dalai Lama |
| Date of publication, distribution, etc. | 1982 |
| 300 ## - PHYSICAL DESCRIPTION | |
| Extent | iv,216 p. |
| Other physical details | PB |
| Dimensions | 21x14 cm |
| 365 ## - TRADE PRICE | |
| Source of price type code | History |
| 650 ## - SUBJECT ADDED ENTRY--TOPICAL TERM | |
| Topical term or geographic name entry element | Trouble in Shangrila |
| 9 (RLIN) | 31443 |
| 650 ## - SUBJECT ADDED ENTRY--TOPICAL TERM | |
| Topical term or geographic name entry element | Month in Tibet |
| 9 (RLIN) | 31444 |
| 650 ## - SUBJECT ADDED ENTRY--TOPICAL TERM | |
| Topical term or geographic name entry element | National Minorities of China |
| 9 (RLIN) | 31445 |
| 650 ## - SUBJECT ADDED ENTRY--TOPICAL TERM | |
| Topical term or geographic name entry element | Dalai Lama |
| 9 (RLIN) | 31446 |
| 700 ## - ADDED ENTRY--PERSONAL NAME | |
| Personal name | INFORMATION OFFICE OF HIS HOLINESS THE DALAI LAMA |
| 9 (RLIN) | 31447 |
| 942 ## - ADDED ENTRY ELEMENTS (KOHA) | |
| Source of classification or shelving scheme | Dewey Decimal Classification |
| Koha item type | George Fernandes Collections |
| Withdrawn status | Lost status | Source of classification or shelving scheme | Damaged status | Not for loan | Collection code | Home library | Current library | Date acquired | Total Checkouts | Full call number | Barcode | Date last seen | Price effective from | Koha item type |
|---|---|---|---|---|---|---|---|---|---|---|---|---|---|---|
| Dewey Decimal Classification | History | St Aloysius Library | St Aloysius Library | 03/24/2013 | 951.5 INFF | GF03243 | 04/25/2022 | 04/25/2022 | George Fernandes Collections |